[Event "BL2-Nord 0708"]
[Site "Germany"]
[Date "2008.04.20"]
[Round "9.8"]
[White "Sarbok, Torsten"]
[Black "Lindemann, Stefan"]
[Result "1/2-1/2"]
[WhiteElo "2316"]
[BlackElo "2363"]
[PlyCount "39"]
[EventDate "2007.10.21"]
[EventType "team-tourn"]
[EventRounds "9"]
[EventCountry "GER"]
[SourceTitle "EXT 2009"]
[Source "ChessBase"]
[SourceDate "2008.11.26"]
[SourceVersion "1"]
[SourceVersionDate "2008.11.26"]
[SourceQuality "1"]
[WhiteTeam "Koenig Tegel"]
[BlackTeam "Luebeck"]
[WhiteTeamCountry "GER"]
[BlackTeamCountry "GER"]

1. e4 e5 2. Nf3 Nc6 3. Bb5 a6 4. Ba4 Nf6 5. Qe2 Be7 6. 0-0 b5 7. Bb3 d6 8. c3 0-0 9. Rd1 Na5 10. Bc2 c5 11. d3 Nd7 12. Nbd2 Nb6 13. Nf1 Nc6 14. Ng3 Re8 15. h3 Qc7 16. Be3 d5 17. exd5 Nxd5 18. Bb3 Be6 19. Ne4 Na5 20. Neg5 1/2-1/2

[Event "BL2-Nord 0708"]
[Site "Germany"]
[Date "2007.12.08"]
[Round "6.8"]
[White "Lindemann, Stefan"]
[Black "Bachmann, Andreas"]
[Result "1-0"]
[WhiteElo "2363"]
[BlackElo "2244"]
[PlyCount "45"]
[EventDate "2007.10.21"]
[EventType "team-tourn"]
[EventRounds "9"]
[EventCountry "GER"]
[SourceTitle "EXT 2009"]
[Source "ChessBase"]
[SourceDate "2008.11.26"]
[SourceVersion "1"]
[SourceVersionDate "2008.11.26"]
[SourceQuality "1"]
[WhiteTeam "Luebeck"]
[BlackTeam "Kreuzberg  II"]
[WhiteTeamCountry "GER"]
[BlackTeamCountry "GER"]

1. e4 c6 2. d4 d5 3. e5 Bf5 4. c4 e6 5. Nc3 dxc4 6. Bxc4 Nd7 7. Nge2 Ne7 8. 0-0 Nb6 9. Bb3 Ned5 10. Ng3 Bg6 11. Nce4 Be7 12. f4 Qd7 13. Bc2 Nb4 14. Bb1 Rd8 15. Qf3 Qxd4+ 16. Be3 Qxb2 17. f5 exf5 18. Nxf5 Rd7 19. Ned6+ Bxd6 20. Nxd6+ Rxd6 21. exd6 Qxa1 22. Bxg6 Qe5 23. Qxf7+ 1-0

[Event "BL2-Nord 0708"]
[Site "Germany"]
[Date "2007.11.04"]
[Round "2.8"]
[White "Priebe, Jan"]
[Black "Lindemann, Stefan"]
[Result "1/2-1/2"]
[WhiteElo "2203"]
[BlackElo "2363"]
[PlyCount "94"]
[EventDate "2007.10.21"]
[EventType "team-tourn"]
[EventRounds "9"]
[EventCountry "GER"]
[SourceTitle "EXT 2009"]
[Source "ChessBase"]
[SourceDate "2008.11.26"]
[SourceVersion "1"]
[SourceVersionDate "2008.11.26"]
[SourceQuality "1"]
[WhiteTeam "Goettingen Tempo"]
[BlackTeam "Luebeck"]
[WhiteTeamCountry "GER"]
[BlackTeamCountry "GER"]

1. e4 e5 2. Nf3 Nc6 3. Bb5 Nf6 4. d3 d6 5. 0-0 Bd7 6. c3 g6 7. Re1 Bg7 8. Nbd2 0-0 9. Nf1 a6 10. Ba4 b5 11. Bc2 h6 12. Bd2 d5 13. Ne3 Be6 14. h3 Qd7 15. Nh2 Rad8 16. Qf3 d4 17. Neg4 Nxg4 18. Nxg4 Bxg4 19. Qxg4 Qd6 20. Qh4 h5 21. Bg5 f6 22. Bd2 f5 23. exf5 Rxf5 24. Bb3+ Kf8 25. c4 Bf6 26. Qe4 Bg5 27. Bxg5 Rxg5 28. cxb5 axb5 29. Rac1 Ne7 30. Qh4 Qf6 31. Qe4 c6 32. a4 bxa4 33. Bxa4 Rf5 34. Bxc6 Rc8 35. Ba4 Rxc1 36. Rxc1 Rxf2 37. Re1 Kg7 38. Qxe5 Rf1+ 39. Kh2 Rxe1 40. Qxe1 Nf5 41. Bd1 Ne3 42. Bf3 Kh6 43. Qc1 Qf5 44. Be4 Qf2 45. b4 Kg7 46. Qc7+ Kh6 47. Qc1 Kg7 1/2-1/2

[Event "Oberliga Nord N 0607"]
[Site "Germany"]
[Date "2007.04.01"]
[Round "8.3"]
[White "Lindemann, Stefan"]
[Black "Hagenstein, Frank"]
[Result "1/2-1/2"]
[WhiteElo "2381"]
[BlackElo "2193"]
[PlyCount "130"]
[EventDate "2006.10.15"]
[EventType "team-tourn"]
[EventRounds "9"]
[EventCountry "GER"]
[SourceTitle "EXT 2019"]
[Source "ChessBase"]
[SourceDate "2018.10.10"]
[SourceVersion "1"]
[SourceVersionDate "2018.10.10"]
[SourceQuality "1"]
[WhiteTeam "Luebeck"]
[BlackTeam "Neumuenster Agon"]
[WhiteTeamCountry "GER"]
[BlackTeamCountry "GER"]

1. Nf3 c5 2. c4 Nf6 3. Nc3 e6 4. g3 b6 5. Bg2 Bb7 6. 0-0 Be7 7. Re1 0-0 8. e4 d6 9. d4 cxd4 10. Nxd4 Qc8 11. Be3 a6 12. Rc1 Nbd7 13. f4 Re8 14. g4 g6 15. g5 Nh5 16. f5 exf5 17. Nxf5 gxf5 18. Qxh5 Nc5 19. Bd4 Bf8 20. Re3 Qe6 21. exf5 Qxf5 22. Bxb7 Nxb7 23. Nd5 Bg7 24. Bxg7 Rxe3 25. Nxe3 Qc5 26. Qf3 Re8 27. g6 Qxe3+ 28. Qxe3 Rxe3 29. Bd4 Re2 30. gxh7+ Kxh7 31. Rf1 Kg8 32. Rf4 Nc5 33. Rg4+ Kf8 34. h4 Ke7 35. h5 Ne6 36. h6 Nxd4 37. Rxd4 Re6 38. Rh4 Rg6+ 39. Kf2 Rg8 40. Ke3 Kf6 41. h7 Rh8 42. Rh6+ Ke5 43. b4 b5 44. c5 dxc5 45. bxc5 f6 46. c6 Ke6 47. Kd4 Ke7 48. Kd5 b4 49. Kc5 a5 50. Kb5 f5 51. Kxa5 f4 52. Kxb4 f3 53. Rh2 Kd6 54. Kb5 Kc7 55. a4 f2 56. Rxf2 Rxh7 57. Rf5 Rh1 58. Rf7+ Kc8 59. a5 Rb1+ 60. Kc5 Rc1+ 61. Kb6 Rb1+ 62. Ka7 Rc1 63. Rf6 Kc7 64. a6 Ra1 65. Rh6 Ra2 1/2-1/2

[Event "Oberliga Nord N 0607"]
[Site "Germany"]
[Date "2006.11.19"]
[Round "3.4"]
[White "Chen, Tsung"]
[Black "Lindemann, Stefan"]
[Result "1-0"]
[WhiteElo "2260"]
[BlackElo "2381"]
[PlyCount "73"]
[EventDate "2006.10.15"]
[EventType "team-tourn"]
[EventRounds "9"]
[EventCountry "GER"]
[SourceTitle "EXT 2019"]
[Source "ChessBase"]
[SourceDate "2018.10.10"]
[SourceVersion "1"]
[SourceVersionDate "2018.10.10"]
[SourceQuality "1"]
[WhiteTeam "Hamburg Diogenes"]
[BlackTeam "Luebeck"]
[WhiteTeamCountry "GER"]
[BlackTeamCountry "GER"]

1. e4 e5 2. Nf3 Nc6 3. d4 exd4 4. Nxd4 Bc5 5. Be3 Qf6 6. c3 Qg6 7. Qf3 Nxd4 8. cxd4 Bb4+ 9. Bd2 Bxd2+ 10. Nxd2 Ne7 11. Bc4 0-0 12. 0-0 Kh8 13. Rfe1 d6 14. Qf4 Nc6 15. Nf3 Bg4 16. Rad1 f5 17. e5 Rae8 18. Bd5 Ne7 19. Bxb7 d5 20. Rd3 Qe6 21. Ng5 Qb6 22. Rb3 Qa5 23. Qc1 f4 24. Qc3 Qxc3 25. bxc3 f3 26. Nxf3 Bxf3 27. gxf3 Rxf3 28. c4 Rxb3 29. axb3 Rb8 30. Bxd5 Rd8 31. Ra1 Nxd5 32. cxd5 Rxd5 33. Rxa7 Kg8 34. Rxc7 Rxd4 35. e6 Kf8 36. Rf7+ Kg8 37. Rf3 1-0

[Event "Oberliga Nord N 0607"]
[Site "Germany"]
[Date "2006.10.15"]
[Round "1.3"]
[White "Lindemann, Stefan"]
[Black "Freitag, Roland"]
[Result "1-0"]
[WhiteElo "2381"]
[BlackElo "2236"]
[PlyCount "115"]
[EventDate "2006.10.15"]
[EventType "team-tourn"]
[EventRounds "9"]
[EventCountry "GER"]
[SourceTitle "EXT 2019"]
[Source "ChessBase"]
[SourceDate "2018.10.10"]
[SourceVersion "1"]
[SourceVersionDate "2018.10.10"]
[SourceQuality "1"]
[WhiteTeam "Luebeck"]
[BlackTeam "Pinneberg"]
[WhiteTeamCountry "GER"]
[BlackTeamCountry "GER"]

1. Nf3 Nf6 2. c4 Nc6 3. d4 d6 4. d5 Nb8 5. Nc3 g6 6. e4 Bg7 7. Be2 0-0 8. 0-0 e6 9. Be3 Re8 10. Qc2 a6 11. Rfd1 exd5 12. cxd5 Bg4 13. h3 Bxf3 14. Bxf3 Nbd7 15. Rac1 Re7 16. Nb1 Ne8 17. Nd2 h6 18. g3 Kh7 19. Bg2 Qb8 20. Nb3 a5 21. Nd4 Ndf6 22. Nb5 Ra6 23. Bd4 c6 24. dxc6 bxc6 25. Nc3 c5 26. Be3 Rb6 27. b3 Rb4 28. Rb1 Qc8 29. a3 Rb8 30. Kh2 h5 31. Bf4 Re6 32. Qd2 c4 33. b4 axb4 34. axb4 Nd7 35. h4 Ne5 36. Bxe5 Rxe5 37. Nd5 Nf6 38. Nxf6+ Bxf6 39. Qxd6 Kg7 40. f4 Re6 41. Qd5 c3 42. Rdc1 Re8 43. e5 Be7 44. Qe4 Rd8 45. Rb3 Rd2 46. Rcxc3 Qg4 47. Rc7 Kf8 48. b5 Rbd8 49. b6 g5 50. Qf3 Qf5 51. hxg5 h4 52. g4 Qe6 53. Rc6 Rxg2+ 54. Kxg2 Rd2+ 55. Kh3 Qd7 56. b7 Qd4 57. b8Q+ Kg7 58. Qb6 1-0

[Event "BL2-Nord 0506"]
[Site "Germany"]
[Date "2006.02.19"]
[Round "7.5"]
[White "Lindemann, Stefan"]
[Black "Krajina, Davor"]
[Result "1-0"]
[WhiteElo "2371"]
[BlackElo "2255"]
[PlyCount "59"]
[EventDate "2005.10.23"]
[EventType "team-tourn"]
[EventRounds "9"]
[EventCountry "GER"]
[SourceTitle "EXT 2007"]
[Source "ChessBase"]
[SourceDate "2006.11.23"]
[SourceVersion "1"]
[SourceVersionDate "2006.11.23"]
[SourceQuality "1"]
[WhiteTeam "Luebeck"]
[BlackTeam "Bremer SG"]
[WhiteTeamCountry "GER"]
[BlackTeamCountry "GER"]

1. d4 d5 2. c4 dxc4 3. Nf3 Nf6 4. e3 Bg4 5. Bxc4 e6 6. h3 Bh5 7. 0-0 a6 8. Be2 Nc6 9. b3 Bd6 10. Bb2 0-0 11. Nbd2 Re8 12. Rc1 e5 13. Rxc6 bxc6 14. dxe5 Be7 15. exf6 Bxf6 16. Qa1 Re6 17. Bxf6 Rxf6 18. Ne4 Rh6 19. Ng3 Qe8 20. Nxh5 Rxh5 21. Rc1 c5 22. Rc4 Qe7 23. Qc3 Rd5 24. Ne1 Rad8 25. Nd3 h6 26. Nxc5 Rd2 27. Rg4 f5 28. Bc4+ Kh8 29. Rg6 Rxa2 30. Rxh6# 1-0

[Event "BL2-Nord 0506"]
[Site "Germany"]
[Date "2006.01.29"]
[Round "6.6"]
[White "Lindemann, Stefan"]
[Black "Lisek, Juergen"]
[Result "0-1"]
[WhiteElo "2371"]
[BlackElo "2293"]
[PlyCount "86"]
[EventDate "2005.10.23"]
[EventType "team-tourn"]
[EventRounds "9"]
[EventCountry "GER"]
[SourceTitle "EXT 2007"]
[Source "ChessBase"]
[SourceDate "2006.11.23"]
[SourceVersion "1"]
[SourceVersionDate "2006.11.23"]
[SourceQuality "1"]
[WhiteTeam "Luebeck"]
[BlackTeam "Berlin Rotation"]
[WhiteTeamCountry "GER"]
[BlackTeamCountry "GER"]

1. c4 c5 2. Nf3 Nf6 3. Nc3 b6 4. g3 Bb7 5. Bg2 e6 6. 0-0 Be7 7. Re1 0-0 8. e4 d6 9. d4 cxd4 10. Nxd4 Qc8 11. Be3 Nbd7 12. f4 Nc5 13. Bf2 Re8 14. Rc1 Bf8 15. b4 Na6 16. a3 Nb8 17. Nb3 Nc6 18. Qe2 Rb8 19. Red1 Ba8 20. Rc2 Rb7 21. Nb5 Rd7 22. Rcd2 Red8 23. Nc3 Ne7 24. g4 Ng6 25. Bg3 Rc7 26. Rd4 Rcd7 27. g5 Ne8 28. Qd2 Ne7 29. b5 g6 30. f5 exf5 31. e5 f4 32. Bxa8 fxg3 33. Be4 gxh2+ 34. Kh1 Bg7 35. exd6 Nxd6 36. Nd5 Nxd5 37. Bxd5 Bxd4 38. Qxd4 Nf5 39. Qf6 Re8 40. Qc6 Rc7 41. Qf6 Rce7 42. Nd2 Re1+ 43. Nf1 Qc7 0-1

[Event "BL2-Nord 0506"]
[Site "Germany"]
[Date "2006.01.15"]
[Round "5.4"]
[White "Brener, Ilja"]
[Black "Lindemann, Stefan"]
[Result "0-1"]
[WhiteElo "2334"]
[BlackElo "2371"]
[PlyCount "82"]
[EventDate "2005.10.23"]
[EventType "team-tourn"]
[EventRounds "9"]
[EventCountry "GER"]
[SourceTitle "EXT 2007"]
[Source "ChessBase"]
[SourceDate "2006.11.23"]
[SourceVersion "1"]
[SourceVersionDate "2006.11.23"]
[SourceQuality "1"]
[WhiteTeam "Ruedersdorf"]
[BlackTeam "Luebeck"]
[WhiteTeamCountry "GER"]
[BlackTeamCountry "GER"]

1. Nf3 c5 2. g3 Nc6 3. Bg2 g6 4. d3 Bg7 5. Nc3 d5 6. 0-0 Nf6 7. a3 0-0 8. Rb1 a6 9. Bg5 h6 10. Bxf6 Bxf6 11. Nd2 e6 12. e4 d4 13. Ne2 e5 14. f4 b5 15. Kh1 Qd6 16. Ng1 Kg7 17. Ngf3 Bd7 18. fxe5 Bxe5 19. Rf2 Be6 20. Qf1 Rac8 21. Bh3 Rc7 22. Bxe6 Qxe6 23. Qe2 Re7 24. Rbf1 Bc7 25. Qd1 c4 26. Qe2 c3 27. bxc3 dxc3 28. Nb3 Bb6 29. Rg2 f5 30. Qe1 fxe4 31. Qxc3+ Qf6 32. Qxf6+ Rxf6 33. dxe4 Ref7 34. Rd2 Ne5 35. Nxe5 Rxf1+ 36. Kg2 R7f2+ 37. Kh3 Rxd2 38. Nxd2 Rf2 39. Nb3 Rxc2 40. Nd7 Bg1 41. Kg4 Rc3 0-1

[Event "BL2-Nord 0405"]
[Site "Germany"]
[Date "2004.11.14"]
[Round "2.5"]
[White "Kottke, Markus"]
[Black "Lindemann, Stefan"]
[Result "0-1"]
[WhiteElo "2231"]
[BlackElo "2367"]
[PlyCount "70"]
[EventDate "2004.10.24"]
[EventType "team-tourn"]
[EventRounds "9"]
[EventCountry "GER"]
[SourceTitle "EXT 2007"]
[Source "ChessBase"]
[SourceDate "2006.11.23"]
[SourceVersion "1"]
[SourceVersionDate "2006.11.23"]
[SourceQuality "1"]
[WhiteTeam "Hannover Post"]
[BlackTeam "Luebeck"]
[WhiteTeamCountry "GER"]
[BlackTeamCountry "GER"]

1. e4 c5 2. Nf3 d6 3. d4 cxd4 4. Qxd4 Nc6 5. Bb5 Bd7 6. Bxc6 Bxc6 7. c4 f5 8. exf5 Qa5+ 9. Nbd2 Qxf5 10. 0-0 e5 11. Re1 Be7 12. Qe3 Nf6 13. Nd4 Qd7 14. Nxc6 Qxc6 15. b3 0-0 16. Ne4 b5 17. cxb5 Qxb5 18. Bb2 Nd5 19. Qd2 Nf4 20. Nxd6 Qd3 21. Ne4 Qxd2 22. Nxd2 Nd3 23. Reb1 Rxf2 24. Bc3 Rc8 25. Ne4 Re2 26. Rd1 Rxc3 27. Nxc3 Bc5+ 28. Kf1 Rf2+ 29. Kg1 Rc2+ 30. Kf1 Rxc3 31. Rd2 e4 32. Rad1 h6 33. g3 Kh7 34. Kg2 e3 35. Re2 Nc1 0-1

[Event "BL2-Nord 0304"]
[Site "Germany"]
[Date "2004.??.??"]
[Round "?.5"]
[White "Lindemann, Stefan"]
[Black "Dietz, Juergen"]
[Result "1-0"]
[WhiteElo "2370"]
[BlackElo "2275"]
[PlyCount "65"]
[EventDate "2003.10.??"]
[EventType "team-tourn"]
[EventRounds "9"]
[EventCountry "GER"]
[SourceTitle "CBM 100 Extra"]
[Source "ChessBase"]
[SourceDate "2004.07.06"]
[SourceVersion "2"]
[SourceVersionDate "2004.07.06"]
[SourceQuality "1"]
[WhiteTeam "Luebeck"]
[BlackTeam "Hamburg Schachfreunde"]
[WhiteTeamCountry "GER"]
[BlackTeamCountry "GER"]

1. Nf3 f5 2. c4 Nf6 3. g3 d6 4. d4 g6 5. Bg2 Bg7 6. 0-0 0-0 7. Nc3 Qe8 8. d5 a5 9. Be3 Bd7 10. Qd2 c5 11. Bh6 Na6 12. Bxg7 Kxg7 13. Rfe1 h6 14. e4 fxe4 15. Nxe4 Nxe4 16. Rxe4 Bf5 17. Re3 Qd7 18. Rae1 Rae8 19. Nh4 Rf7 20. Nxf5+ Qxf5 21. Re6 Rf6 22. Rxe7+ Rxe7 23. Rxe7+ Rf7 24. Rxf7+ Kxf7 25. Qxh6 Nb4 26. Qh7+ Kf6 27. Qh4+ Qg5 28. Qh8+ Ke7 29. Bh3 Qe5 30. Qh7+ Kf6 31. Be6 Qe1+ 32. Kg2 Nd3 33. Qh8+ 1-0

[Event "BL2-Nord 0304"]
[Site "Germany"]
[Date "2004.??.??"]
[Round "?.5"]
[White "Lindemann, Stefan"]
[Black "Kiese, Matthias"]
[Result "1/2-1/2"]
[WhiteElo "2370"]
[BlackElo "2245"]
[PlyCount "59"]
[EventDate "2003.10.??"]
[EventType "team-tourn"]
[EventRounds "9"]
[EventCountry "GER"]
[SourceTitle "CBM 100 Extra"]
[Source "ChessBase"]
[SourceDate "2004.07.06"]
[SourceVersion "2"]
[SourceVersionDate "2004.07.06"]
[SourceQuality "1"]
[WhiteTeam "Luebeck"]
[BlackTeam "Hannover Post"]
[WhiteTeamCountry "GER"]
[BlackTeamCountry "GER"]

1. Nf3 Nf6 2. c4 e6 3. Nc3 d5 4. d4 Be7 5. Bg5 0-0 6. e3 Nbd7 7. Rc1 c6 8. Bd3 dxc4 9. Bxc4 Nd5 10. Bxe7 Qxe7 11. 0-0 Nxc3 12. Rxc3 e5 13. Bb3 exd4 14. exd4 Nf6 15. Re1 Qd6 16. Ne5 Be6 17. Bxe6 fxe6 18. Nc4 Qd7 19. Qe2 Nd5 20. Rg3 Rf6 21. Ne5 Qe7 22. Ng4 Rg6 23. Qe5 Rf8 24. Re4 Nf6 25. Nxf6+ Qxf6 26. Qxf6 Rgxf6 27. Re2 Rf4 28. Rd3 Rd8 29. Red2 Kf7 30. g3 1/2-1/2

[Event "BL2-Nord 0304"]
[Site "Germany"]
[Date "2004.??.??"]
[Round "?.5"]
[White "Zesch, Ludwig"]
[Black "Lindemann, Stefan"]
[Result "1/2-1/2"]
[WhiteElo "2245"]
[BlackElo "2370"]
[PlyCount "33"]
[EventDate "2003.10.??"]
[EventType "team-tourn"]
[EventRounds "9"]
[EventCountry "GER"]
[SourceTitle "CBM 100 Extra"]
[Source "ChessBase"]
[SourceDate "2004.07.06"]
[SourceVersion "2"]
[SourceVersionDate "2004.07.06"]
[SourceQuality "1"]
[WhiteTeam "Leipzig Gohlis"]
[BlackTeam "Luebeck"]
[WhiteTeamCountry "GER"]
[BlackTeamCountry "GER"]

1. e4 e5 2. Nf3 Nc6 3. Bb5 Nf6 4. Qe2 d6 5. c3 Be7 6. d3 0-0 7. Nbd2 Ne8 8. 0-0 g6 9. d4 exd4 10. cxd4 Bg4 11. Qc4 Bd7 12. Nb3 a6 13. Bxc6 Bxc6 14. Qc2 Nf6 15. d5 Ba4 16. Re1 Nd7 17. Qc4 1/2-1/2

[Event "BL2-Nord 0203"]
[Site "Germany"]
[Date "2003.02.23"]
[Round "7.5"]
[White "Lindemann, Stefan"]
[Black "Hochgraefe, Markus"]
[Result "0-1"]
[WhiteElo "2390"]
[BlackElo "2331"]
[PlyCount "43"]
[EventDate "2002.10.20"]
[EventType "team-tourn"]
[EventRounds "9"]
[EventCountry "GER"]
[SourceTitle "EXT 2004"]
[Source "ChessBase"]
[SourceDate "2003.11.25"]
[SourceVersion "1"]
[SourceVersionDate "2003.11.25"]
[SourceQuality "1"]
[WhiteTeam "Luebeck II"]
[BlackTeam "Hamburg Koenigsspringer"]
[WhiteTeamCountry "GER"]
[BlackTeamCountry "GER"]

1. Nf3 d5 2. d4 Nf6 3. c4 c6 4. Nc3 a6 5. cxd5 cxd5 6. Bg5 Ne4 7. Bh4 Nc6 8. e3 Qa5 9. Qb3 e6 10. Bd3 Nxc3 11. bxc3 Bd6 12. 0-0 0-0 13. e4 dxe4 14. Bxe4 Qc7 15. c4 Na5 16. Qc3 Nxc4 17. Rfc1 f5 18. Qxc4 Qxc4 19. Rxc4 fxe4 20. Nd2 b5 21. Rc6 Bb4 22. Nxe4 0-1

[Event "Hastings Challengers"]
[Site "Hastings"]
[Date "2003.01.04"]
[Round "8"]
[White "Borovikov, Vladislav"]
[Black "Lindemann, Stefan"]
[Result "1-0"]
[WhiteElo "2593"]
[BlackElo "2390"]
[PlyCount "133"]
[EventDate "2002.12.28"]
[EventType "swiss"]
[EventRounds "9"]
[EventCountry "ENG"]
[SourceTitle "CBM 091 Extra"]
[Source "ChessBase"]
[SourceDate "2003.01.09"]
[SourceVersion "1"]
[SourceVersionDate "2003.01.09"]
[SourceQuality "1"]

1. d4 Nf6 2. Nf3 c5 3. d5 e6 4. c4 exd5 5. cxd5 d6 6. e4 g6 7. Bd3 Bg7 8. h3 0-0 9. Nc3 a6 10. a4 Nh5 11. 0-0 Nd7 12. Bg5 Bf6 13. Be3 Ne5 14. Nxe5 Bxe5 15. f4 Bg7 16. Qf3 Qc7 17. Rae1 Bd7 18. g4 Nf6 19. e5 Ne8 20. Ne4 f5 21. exf6 Nxf6 22. Ng5 c4 23. Bc2 Qa5 24. Ne6 Qxd5 25. Nxf8 Rxf8 26. Rd1 Qxf3 27. Rxf3 Bc6 28. Rf2 Nd5 29. Bc1 Re8 30. f5 gxf5 31. Bxf5 b5 32. axb5 axb5 33. Kf1 b4 34. Re2 Be5 35. Be4 Ne7 36. Bxc6 Nxc6 37. Re4 c3 38. Rc4 cxb2 39. Bxb2 Rf8+ 40. Kg2 Bxb2 41. Rxc6 Be5 42. Rb6 Rf4 43. Rb1 Rc4 44. R6xb4 Rc2+ 45. Kf1 Kf7 46. R4b3 Kg6 47. Rf3 h6 48. Rb8 Ra2 49. Rg8+ Kh7 50. Rgf8 Kg6 51. R8f5 Ra4 52. Rb3 Rd4 53. Kg2 Bf6 54. Kf3 Bg5 55. Rbb5 Rd3+ 56. Kg2 Bf6 57. Rbd5 Rxd5 58. Rxd5 Be5 59. h4 Kg7 60. Kf3 Kf6 61. Ke4 Bg3 62. Rf5+ Kg6 63. h5+ Kg7 64. Kd5 Bh2 65. Ke6 Bg3 66. Rf7+ Kg8 67. Rd7 1-0

[Event "BL2-Nord 0304"]
[Site "Germany"]
[Date "2003.??.??"]
[Round "?.5"]
[White "Lindemann, Stefan"]
[Black "Pluemer, Detlef"]
[Result "1/2-1/2"]
[WhiteElo "2370"]
[BlackElo "2280"]
[PlyCount "83"]
[EventDate "2003.10.??"]
[EventType "team-tourn"]
[EventRounds "9"]
[EventCountry "GER"]
[SourceTitle "CBM 100 Extra"]
[Source "ChessBase"]
[SourceDate "2004.07.06"]
[SourceVersion "2"]
[SourceVersionDate "2004.07.06"]
[SourceQuality "1"]
[WhiteTeam "Luebeck"]
[BlackTeam "Kreuzberg"]
[WhiteTeamCountry "GER"]
[BlackTeamCountry "GER"]

1. Nf3 e6 2. c4 b6 3. g3 Bb7 4. Bg2 Nf6 5. 0-0 c5 6. Nc3 Be7 7. Re1 d5 8. cxd5 exd5 9. d4 0-0 10. Bf4 Nbd7 11. Rc1 Ne4 12. a3 Re8 13. Bh3 Nxc3 14. Rxc3 Bf6 15. Rc2 c4 16. b3 b5 17. Qb1 Nb6 18. Rec1 Qe7 19. Rc3 Qe4 20. bxc4 dxc4 21. Re3 Qxb1 22. Rxb1 Rxe3 23. Bxe3 Bxf3 24. exf3 a6 25. Bf5 Nd5 26. Be4 Rd8 27. Rc1 Be7 28. a4 g6 29. Bd2 f5 30. Bb1 Ba3 31. Re1 Bb4 32. Bxb4 Nxb4 33. axb5 axb5 34. Rd1 c3 35. Rc1 Rc8 36. d5 c2 37. d6 cxb1Q 38. Rxb1 Nc6 39. Rc1 Kf7 40. d7 Rd8 41. Rxc6 Rxd7 42. Rb6 1/2-1/2

[Event "BL2-Nord 0304"]
[Site "Germany"]
[Date "2003.??.??"]
[Round "?.4"]
[White "Lindemann, Stefan"]
[Black "Von Herman, Ulf"]
[Result "1/2-1/2"]
[WhiteElo "2370"]
[BlackElo "2400"]
[PlyCount "93"]
[EventDate "2003.10.??"]
[EventType "team-tourn"]
[EventRounds "9"]
[EventCountry "GER"]
[SourceTitle "CBM 100 Extra"]
[Source "ChessBase"]
[SourceDate "2004.07.06"]
[SourceVersion "2"]
[SourceVersionDate "2004.07.06"]
[SourceQuality "1"]
[WhiteTeam "Luebeck"]
[BlackTeam "Koenig Tegel"]
[WhiteTeamCountry "GER"]
[BlackTeamCountry "GER"]

1. Nf3 Nf6 2. c4 c6 3. Nc3 d5 4. d4 a6 5. cxd5 cxd5 6. Bg5 Ne4 7. Bh4 Nxc3 8. bxc3 Qa5 9. Qb3 e6 10. Bg3 Nd7 11. e3 Nf6 12. Bd3 Ba3 13. Ne5 0-0 14. 0-0 b5 15. Nc6 Qb6 16. Nb4 Bxb4 17. Qxb4 Bd7 18. a4 Qc6 19. axb5 axb5 20. Rab1 Rfc8 21. Rfc1 Ne4 22. Qe7 Nxc3 23. h3 Qb7 24. Ra1 Rxa1 25. Rxa1 Bc6 26. Qxb7 Bxb7 27. Bd6 Bc6 28. Rc1 Bd7 29. Rc2 Ne4 30. Bxe4 dxe4 31. Rxc8+ Bxc8 32. h4 f6 33. Kf1 Bb7 34. Ke2 Bd5 35. Kd2 Kf7 36. Bc5 h5 37. Kc3 g5 38. g3 Kg6 39. Be7 Kf5 40. Bd8 Bc4 41. Be7 Bd5 42. Kb4 Bc4 43. Kc3 e5 44. dxe5 gxh4 45. gxh4 Kxe5 46. Bd8 f5 47. Bc7+ 1/2-1/2

[Event "BL2-Nord 0102"]
[Site "Germany"]
[Date "2001.10.07"]
[Round "1.3"]
[White "Roeber, Bjoern"]
[Black "Lindemann, Stefan"]
[Result "0-1"]
[WhiteElo "2349"]
[BlackElo "2394"]
[PlyCount "100"]
[EventDate "2001.10.07"]
[EventType "team-tourn"]
[EventRounds "9"]
[EventCountry "GER"]
[SourceTitle "CBM 088 Extra"]
[Source "ChessBase"]
[SourceDate "2002.07.01"]
[SourceVersion "2"]
[SourceVersionDate "2002.07.01"]
[SourceQuality "1"]
[WhiteTeam "Leipzig Gohlis"]
[BlackTeam "Luebeck II"]
[WhiteTeamCountry "GER"]
[BlackTeamCountry "GER"]

1. d4 Nf6 2. c4 c5 3. d5 e6 4. Nc3 exd5 5. cxd5 d6 6. Nf3 g6 7. Nd2 Nbd7 8. e4 Bg7 9. Be2 0-0 10. 0-0 Re8 11. Qc2 Ne5 12. b3 g5 13. Bb2 a6 14. a4 b6 15. Rfe1 Ra7 16. Ba3 Ng6 17. b4 Nf4 18. Bf1 Ng4 19. Nf3 Nxf2 20. Kxf2 g4 21. g3 Ng6 22. bxc5 bxc5 23. Bb2 gxf3 24. Nd1 Ne5 25. Ra3 c4 26. Bxe5 Bxe5 27. Kxf3 c3 28. Kg2 Qf6 29. Ne3 Qh6 30. Nf5 Bxf5 31. exf5 Rb8 32. Rxc3 Bxc3 33. Qxc3 Qg5 34. Qd4 Rc7 35. Re4 h5 36. Be2 Rc2 37. f6 Rbc8 38. Kf3 Rd2 39. Qe3 Qxf6+ 40. Kg2 Rcc2 41. Qf3 Qxf3+ 42. Kxf3 a5 43. Bb5 Rxd5 44. Re8+ Kg7 45. Ra8 Rxh2 46. Rxa5 Ra2 47. Ra6 f5 48. Rc6 Ra3+ 49. Kf4 Kf6 50. Rc4 Rd2 0-1

[Event "Boeblingen op 17th"]
[Site "Boeblingen"]
[Date "2000.12.28"]
[Round "4"]
[White "Lindemann, Stefan"]
[Black "Klovans, Janis"]
[Result "1/2-1/2"]
[WhiteElo "2332"]
[BlackElo "2481"]
[PlyCount "83"]
[EventDate "2000.12.27"]
[EventType "swiss"]
[EventRounds "9"]
[EventCountry "GER"]
[SourceTitle "CBM 079 Extra"]
[Source "ChessBase"]
[SourceDate "2001.01.11"]
[SourceVersion "2"]
[SourceVersionDate "2001.01.25"]
[SourceQuality "1"]

1. d4 Nf6 2. c4 e6 3. Nf3 d5 4. Nc3 Be7 5. Bg5 0-0 6. e3 h6 7. Bh4 b6 8. Bd3 Bb7 9. 0-0 Nbd7 10. Qe2 Ne4 11. Bg3 Nxg3 12. hxg3 Nf6 13. Rac1 c5 14. Rfd1 cxd4 15. Nxd4 Rc8 16. a3 dxc4 17. Bxc4 Qc7 18. Ba2 Qe5 19. g4 Qg5 20. f3 Bc5 21. Re1 Rfd8 22. Rcd1 h5 23. Bxe6 fxe6 24. Nxe6 Qxe3+ 25. Qxe3 Bxe3+ 26. Rxe3 Rxd1+ 27. Nxd1 hxg4 28. Nc3 Re8 29. Kf2 g3+ 30. Ke2 Ba6+ 31. Kd2 Bf1 32. Nf4 Rxe3 33. Kxe3 g5 34. Nfe2 Nh5 35. Ne4 Bxg2 36. N2xg3 Nxg3 37. Nxg3 Kf7 38. Ne4 Kg6 39. Kf2 Bh3 40. Kg3 Bf5 41. Nc3 Kf6 42. f4 1/2-1/2